|
|
|
|
| LEADER |
00967nam a2200241 a 4500 |
| 001 |
2052060 |
| 008 |
111017s1994 maua 001 0 eng d |
| 010 |
|
|
|a 93034469
|
| 020 |
|
|
|a 0262082268
|
| 040 |
|
|
|a DLC
|c DLC
|d DLC
|d BD-DhAAL
|
| 082 |
0 |
0 |
|a 005.13/3
|2 20
|
| 100 |
1 |
|
|a Harvey, Brian,
|d 1949-
|
| 245 |
1 |
0 |
|a Simply Scheme :
|b introducing computer science /
|c Brian Harvey, Matthew Wright ; foreword by Harold Abelson.
|
| 260 |
|
|
|a Cambridge, Mass. :
|b MIT Press,
|c c1994.
|
| 300 |
|
|
|a xxxii, 583 p. :
|b ill. ;
|c 24 cm.
|
| 504 |
|
|
|a Includes indexes.
|
| 541 |
|
|
|e 00012026
|
| 650 |
|
0 |
|a Computer science.
|
| 650 |
|
0 |
|a Scheme (Computer program language)
|
| 700 |
1 |
|
|a Wright, Matthew
|q (Matthew James)
|
| 852 |
1 |
|
|a Ayesha Abed Library
|j General shelf
|
| 999 |
|
|
|c 11342
|d 11342
|
| 952 |
|
|
|0 0
|1 0
|2 ddc
|4 0
|6 005_133000000000000_HAR
|7 0
|9 18419
|a BRACUL
|b BRACUL
|c GEN
|d 2011-10-18
|l 2
|m 7
|o 005.133 HAR
|p 3010012026
|r 2025-03-12
|s 2025-01-06
|t 1
|w 2011-10-18
|y BK
|x Price not available in Register
|